Normal view
MARC view
Entry Personal Name
001 - CONTROL NUMBER
- control field: 235543
003 - CONTROL NUMBER IDENTIFIER
- control field: OSt
005 - DATE AND TIME OF LATEST TRANSACTION
- control field: 20250814123113.0
008 - FIXED-LENGTH DATA ELEMENTS
- fixed length control field: 250814|| aca||aabn | a|a d
040 ## - CATALOGING SOURCE
- Original cataloging agency: OSt
- Transcribing agency: OSt
100 ## - HEADING--PERSONAL NAME
- Personal name: MARULASIDDHAPPA (K)
- Dates associated with a name: ಮರುಳಸಿದ್ದಪ್ಪ (ಕೆ)
670 ## - SOURCE DATA FOUND
- Source citation: Work cat.: (OSt)180200: MARULASIDDHAPPA (K) ಮರುಳಸಿದ್ದಪ್ಪ (ಕೆ) , Vachana kammata., 1983